| 000 | 00727nam a2200289Ia 4500 | ||
|---|---|---|---|
| 001 | Z_3565 | ||
| 003 | CHAP | ||
| 008 | 220113s1982 xx 000 0 und d | ||
| 010 | _a166651 | ||
| 040 | _cCHAP | ||
| 090 | _aFolleto 399 | ||
| 100 |
_aValdivié, M _9117333 |
||
| 245 |
_aSistema de alimentación de pollos de engorda / _cpor M Valdivié |
||
| 260 |
_aLa Habana : _bICA, _c1982 |
||
| 300 | _a41 p. | ||
| 440 | _a | ||
| 500 | _aSeminario ICA (1982 : La Habana Cuba) | ||
| 503 | _a | ||
| 650 |
_aAves de corral _xAlimentos y alimentación _9140764 |
||
| 650 |
_aAves de corral _xEngorda _98647 |
||
| 901 | _aFolleto 399 | ||
| 902 | _aA | ||
| 910 | _a1982 | ||
| 942 | _cc14 | ||
| 942 | _cc14 | ||
| 999 |
_c166651 _d166651 |
||